000 00216nam a2200097Ia 4500
005 20251222114340.0
008 251222s1900||||xx |||||||||||||| ||spa||
082 _aDVD0070/D18/2000
245 0 _aBilly Elliot:
942 _cDVD
999 _c833
_d833